Представление документа в формате MARC21

ПолеНазваниеЗначение
  Тип записи a
  Библиографический уровень m
001 Контрольный номер RU\infra-m\znanium\bibl\2230145
005 Дата корректировки 20260429142106.9
008 Кодируемые данные 251229s2025 RU g rus u
020 Индекс ISBN __
a ISBN 978-5-16-021546-4
020 Индекс ISBN __
a ISBN 978-5-16-114388-9 (электр. издание)
040 Источник каталогиз. __
a Служба первич. каталог. Общество с ограниченной ответственностью «ЗНАНИУМ»
041 Код языка издания __
a Код языка текста rus
044 Код страны публикации __
a Код страны публикации RU
080 Индекс УДК __
a Индекс УДК 39
084 Индекс другой классификации/Индекс ББК __
2 Источник индекса rubbk
a Индекс другой классификации/Индекс ББК 71
084 Индекс другой классификации/Индекс ББК __
2 Источник индекса okso
a Индекс другой классификации/Индекс ББК 08.02.08
084 Индекс другой классификации/Индекс ББК __
2 Источник индекса okso
a Индекс другой классификации/Индекс ББК 46.03.03
084 Индекс другой классификации/Индекс ББК __
2 Источник индекса okso
a Индекс другой классификации/Индекс ББК 50.03.01
084 Индекс другой классификации/Индекс ББК __
2 Источник индекса okso
a Индекс другой классификации/Индекс ББК 51.03.01
084 Индекс другой классификации/Индекс ББК __
2 Источник индекса okso
a Индекс другой классификации/Индекс ББК 51.03.04
084 Индекс другой классификации/Индекс ББК __
2 Источник индекса okso
a Индекс другой классификации/Индекс ББК 51.04.01
100 Автор __
a Автор Беловинский Л. В.
q Полное имя Беловинский Леонид Васильевич
u Дополнение Московский государственный институт культуры
245 Заглавие __
a Заглавие История русской материальной культуры
b Продолж. заглавия Научно-популярная литература
c Ответственность Московский государственный институт культуры
250 Сведения об издании __
g испр. и доп.
a Основные сведения об издании 2
260 Выходные данные __
a Место издания Москва
b Издательство ООО "Научно-издательский центр ИНФРА-М"
c Дата издания 2026
300 Физическое описание __
a Объем 512 с.
440 Серия __
a Серия Интересно знать
520 Аннотация __
a Аннотация Издание содержит сжатое изложение обширных сведений по истории материальной культуры всех слоев населения России в процессе повседневной жизни: от технологий и инструментария срубного строительства до ювелирных украшений. Книга предназначена для широкого круга читателей интересующихся историей русской культуры и обстоятельствами быта своих предков.
521 Примеч. о цел. назн. __
a Примеч. о целев. назн. Профессиональное образование
650 Тематические рубрики __
a Основная рубрика Культура. СМИ
x Основная подрубрика Теория и история культурологии
655 Указ. предметных рубрик (устаревшее) __
a Жанр/ форма (устаревшее) Научно-популярная литература
856 Электронный адрес документа 4_
a Имя сервера/домена znanium.ru
m Помощь ebs_support@infra-m.ru
n Местонахождение сервера НИЦ ИНФРА-М
u URL https://znanium.ru/catalog/document?id=475461
856 Электронный адрес документа 48
a Имя сервера/домена znanium.ru
d Путь /cover/2230
f Электронное имя 2230145.jpg
q Тип электронного формата image/jpeg
u URL https://znanium.ru/cover/2230/2230145.jpg
911 __
u 0030=https://znanium.ru/catalog/document?id=475461